000 00665nam a2200217Ia 4500
005 20250508164633.0
008 008 250505s9999 xx 000 0 eng d
020 _a81-7273-373-9
037 _aTextual
040 _aFEDL
_beng
_cFEDL
041 _aeng
_2eng
084 _a371.914, PAV
_qFEDL
100 _aPavey Barbara
_9778690
245 0 _aDyslexia-friendly primary school : A practical guide for teachers
260 _aLondon, UK
_bPaul Chapman Publishing Limited
_c2007
300 _a103p.
365 _aGBP
_b17.99
650 _aStudents with linguistic handicaps
_9778691
942 _cTEXL
_h371.914, PAV
999 _c1390270
_d1390270